| Поле | Инд. | ПП | Название | Значение |
|---|---|---|---|---|
| Тип записи | a | |||
| Библиографический уровень | b | |||
| 001 | Контрольный номер | 05467a92c788493696c66f918ffe0280 | ||
| 005 | Дата корректировки | 20210828090914.0 | ||
| 040 | a | Служба первич. каталог. | РИНЦ | |
| 041 | 0_ | a | Код языка текста | rus |
| 084 | a | Индекс другой классификации/Индекс ББК | 60.51(2)6 | |
| 097 | a | Чагина С.Г. | ||
| 097 | a | Костикова Н.В. | ||
| 100 | 1_ | a | Автор | Юдина Т. Н. |
| q | Полное имя | Юдина Татьяна Николаевна | ||
| c | Титул (звания) | профессор; доктор социологических наук | ||
| i | 100092935 | |||
| k | Кафедра социологии и гуманитарных наук; Факультет социальных и гуманитарных наук | |||
| u | Дополнение | Юдина Т. Н. | ||
| 245 | 10 | a | Заглавие | Социологической школе Российского государственного социального университета - 25 лет |
| 650 | 04 | a | Основная рубрика | социология; история социологии |
| 773 | 18 | t | Название источника | Социальная политика и социология |
| b | Сведения об издании | Российский государственный социальный университет | ||
| c | Москва | |||
| d | Место и дата издания | 2016 | ||
| m | Специф. данные | журнал из перечня ВАК | ||
| n | Примечание | http://elibrary.ru/contents.asp?issueid=1674602 | ||
| g | Прочая информация | Т.15. - № 5(118). - С. 6 - 8 | ||
| w | Контрольный № источника | 6975e9edec064f3da7eeb5d46ca9ed38 | ||
| 856 | 40 | u | URL | http://elibrary.ru/item.asp?id=27195746 |
| 901 | t | Тип документа | b | |
| 952 | c | Вид литературы | статья в журнале |